| 000 | 00434nam a2200193Ia 4500 | ||
|---|---|---|---|
| 008 | 170918s9999 xx 000 0 und d | ||
| 020 | _a9780545286732 | ||
| 050 | _bP866 2009 | ||
| 100 | _aPotter, Ellen | ||
| 245 | _aSlob / | ||
| 245 | _cEllen Potter. | ||
| 260 | _aNew York : | ||
| 260 | _bScholastic, | ||
| 260 | _c2009 | ||
| 300 | _a199 pages : | ||
| 300 | _bcolored illustration ; | ||
| 300 | _c19cm. | ||
| 500 | _a740 | ||
| 999 |
_c342249 _d342249 |
||